As garantias do processo no Tribunal de Contas da União : (Record no. 911)

MARC details
000 -LÍDER
Campo Fixo de Controle 00888nam a2200253 a 4500
001 - NÚMERO DE CONTROLE
Campo de Controle 911
003 - IDENTIFICAÇÃO DO NÚMERO DE CONTROLE
Campo de Controle BR-CuiBMT
005 - DATA E HORA DA ÚLTIMA ATUALIZAÇÃO
Campo de Controle 20231122225626.0
008 - DADOS FIXOS
Dados Fixos 231122s2019 spba 000 0 por d
020 ## - INTERNATIONAL STANDARD BOOK NUMBER
Nº do ISBN 9788553219896
040 ## - AGÊNCIA CATALOGADORA
Código da Agência Catalogadora BR-CuiBMT
Agência que transcreveu o registro BR-CuiBMT
080 ## - Nº DA CLASSIFICAÇÃO DECIMAL UNIVERSAL
Nº edição CDU 2007
Nº Class. CDU 351.94:336.148
090 ## - NÚMERO DE CHAMADA
Nº classificação 351.94:336.148
Cutter G432g
100 1# - ENTRADA PRINCIPAL -- AUTOR PESSOAL
Nome pessoal Giamundo Neto, Giuseppe
245 #3 - TÍTULO PRINCIPAL
Título principal As garantias do processo no Tribunal de Contas da União :
Subtítulo princípios constitucionais, código de processo civil/2015 e a Lei de Introdução às Normas do Direito Brasileiro - LINDB /
Indicação de responsabilidade Giuseppe Giamundo Neto.
260 ## - PUBLICAÇÃO, DISTRIBUIÇÃO, ETC.
Local de publicação São Paulo :
Editora Revista dos Tribunais,
Data 2019.
300 ## - DESCRIÇÃO FÍSICA
N. páginas ou volumes 256 p.:
Dimensões 23 cm
504 ## - NOTA DE BIBLIOGRAFIA, ETC.
Nota de bibliografia Inclui bibliografia.
650 ## - ASSUNTO TÓPICO
Cabeçalho tópico ou nome geográfico Processo administrativo
650 ## - ASSUNTO TÓPICO
Cabeçalho tópico ou nome geográfico Tribunais de contas
650 ## - ASSUNTO TÓPICO
Cabeçalho tópico ou nome geográfico Direito administrativo
650 ## - ASSUNTO TÓPICO
Cabeçalho tópico ou nome geográfico Garantia constitucional
942 ## - ELEMENTOS DE ENTRADA ADICIONAIS (KOHA)
Fonte de classificação ou esquema de arquivamento Classificação Decimal Universal
Tipo de item do Koha Livros
Holdings
Estado: removido Estado: perdido Fonte de classificação ou esquema de arquivamento Estado: danificado Indisponível para empréstimo Localização permanente Localização atual Data de aquisição Total Checkouts Número de Chamada completo Código de barras Date last seen Número do exemplar Preço efetivo a partir de Tipo de item (Koha)
    Classificação Decimal Universal     Biblioteca da Escola Superior de Contas do TCE/MT Biblioteca da Escola Superior de Contas do TCE/MT 22/11/2023   351.94:336.148 G432g BIBTCEMT23110903 22/11/2023 Ex. 1 22/11/2023 Livros

Powered by Koha